Teorías sociológicas de la acción /

Estudio que plantea las principales teorías de la acción social a partir de las construcciones que sobre la misma han elaborado pensadores contemporáneos de las ciencias sociales: George Caspar Homans, Talcott Parsons, Ralph Dahrendorf, Harold Garfinkel, Gregory Bateson, Alfred Schütz, Michel Maffes...

Full beskrivning

Sparad:
Bibliografiska uppgifter
Huvudupphov: Iglesias de Ussel, Julio (coord.)
Övriga upphov: Herrera Gómez, Manuel (coordinación) (coordinación)
Materialtyp: Bok
Språk:spanska
Utgiven: Madrid, España : Tecnos, 2005, c2005
Ämnen:
Taggar: Lägg till en tagg
Inga taggar, Lägg till första taggen!

MARC

LEADER 00000nam^a2200000^a^4500
001 000181244
005 20250521000000.0
009 20260310101925.909
020 |a 84-309-4231-9 
037 |a Acervo ITESO - Biblioteca 
041 |a ESP 
082 |a 300. 1  |b IGL 
100 |a Iglesias de Ussel, Julio  |e (coord.) 
245 1 0 |a Teorías sociológicas de la acción /  |c Coord. de J. Iglesias de Ussel, M. Herrera Gómez. 
264 4 |a Madrid, España :  |b Tecnos,  |c 2005, c2005 
300 |a 325 p. 
336 |a texto  |b txt  |2 rdacontenido 
337 |a sin mediación  |b n  |2 rdamedio 
338 |a volumen  |b nc  |2 rdasoporte 
520 |a Estudio que plantea las principales teorías de la acción social a partir de las construcciones que sobre la misma han elaborado pensadores contemporáneos de las ciencias sociales: George Caspar Homans, Talcott Parsons, Ralph Dahrendorf, Harold Garfinkel, Gregory Bateson, Alfred Schütz, Michel Maffesoli, Erving Goffman, Jürgen Habermas, Robert Morrison Maciver y Gary Becker. 
649 |a XX 
650 |a Sociólogos 
650 |a Acción Social -  |x Teoría 
650 |a Sociología -  |x Teoría 
650 |a Ciencias Sociales -  |x Teoría 
700 |a Herrera Gómez, Manuel  |e (coordinación) 
910 |a Fondo General 
920 |a Impresos - Libros 
930 |a Colección General 
905 |a 101 
901 |a 0500120766  |b IT1  |c ACC  |u 20250521 
902 |a https://opac.biblio.iteso.mx/vufind/Record/000181244